The rise of Islam /

Discusses the religion, history, and culture of the Islamic Empire.

Bibliographic Details
Main Author: Powell, Anton
Other Authors: Clapham, Frances M., Wiltshire, Elizabeth, Chamberlain, Nigel, Hook, Richard
Format: Book
Language:English
Published: New York, N.Y. : Warwick Press, 1980
Series:Modern knowledge library
Subjects:

MARC

Tag First Indicator Second Indicator Subfields
LEADER 00000cam a2200000 i 4500
001 in00000050011
005 20151007075948.0
008 800821c1980 nyua j 00110 eng
010 |a  79089730  
020 |a 0531091651 
035 |a (OCoLC)06456628 
035 |9 AAF4059AM 
040 |a DLC  |c DLC  |d m.c.  |d TXA  |d UtOrBLW 
043 |a ff-----  |a aw----- 
049 |a [Curr Col] TXAM  |c [1561684] 
050 0 0 |a DS38.3  |b P68 1980 
082 0 |a 909/.097671  |2 19 
100 1 |a Powell, Anton. 
245 1 4 |a The rise of Islam /  |c [author, Anton Powell ; editor, Frances M. Clapham ; assistant editor, Elizabeth Wiltshire ; illustrators, Nigel Chamberlain, Richard Hook]. 
264 1 |a New York, N.Y. :  |b Warwick Press,  |c 1980 
264 4 |c ©1979 
300 |a 44 pages :  |b color illustrations ;  |c 28 cm. 
336 |a text  |b txt  |2 rdacontent 
337 |a unmediated  |b n  |2 rdamedia 
338 |a volume  |b nc  |2 rdacarrier 
490 0 |a Modern knowledge library 
500 |a Includes index. 
520 |a Discusses the religion, history, and culture of the Islamic Empire. 
650 0 |a Islamic civilization  |x Juvenile literature. 
650 1 |a Islamic civilization. 
651 0 |a Islamic Empire  |x Juvenile literature. 
651 1 |a Islamic Empire. 
700 1 |a Clapham, Frances M. 
700 1 |a Wiltshire, Elizabeth. 
700 1 |a Chamberlain, Nigel. 
700 1 |a Hook, Richard. 
999 |a MARS 
999 f f |s 7b918944-132b-3e59-b65c-606af06e3660  |i bee40870-f366-30a4-9fd6-76f99df94d78  |t 0 
952 f f |p ric  |a Texas A&M University  |b Rellis Campus  |c Joint Library Facility  |d Remote Storage  |t 0  |e DS38.3 P68 1980  |h Library of Congress classification  |i unmediated -- volume  |m A14805939065 
998 f f |a DS38.3 P68 1980  |t 0  |l Remote Storage